| 000 | 00780nam a22001337a 4500 | ||
|---|---|---|---|
| 040 | _cRUA | ||
| 082 | _aVEM VAN 2015 B533 Or.1 | ||
| 100 | _aVANG RANGSHI; វ៉ាង រង្សី | ||
| 245 | _aSurvey on common disease in pig farm 30 to 60 Kg at soung srouch farm in krong chbar morn, kampong speu province; ការអង្កេតជំងឺទូទៅលើជ្រូកសាច់ទំងន់ ៣០ ទៅ ៦០ គីឡូក្រាម នៅក្នុងកសិដ្ឋានចិញ្ចឹមជ្រូក សួង ស្រួច ក្នុងក្រុងច្បារមន ខេត្តកំពង់ស្ពឺ | ||
| 260 |
_aPHNOM PENH _bVAN _c2015 |
||
| 300 |
_aix;36p. _bill. _c29cm. |
||
| 856 | _u VANG RANGSHI | ||
| 942 | _cVEM | ||
| 999 |
_c10877 _d10877 |
||